| 000 | 01881nam a22003017a 4500 | ||
|---|---|---|---|
| 999 |
_c59634 _d59634 |
||
| 003 | Ge_BSU | ||
| 005 | 20231027095914.0 | ||
| 008 | 230327s2021 ge ||||| |||| 00| 0 geo d | ||
| 020 | _a9789941460951 | ||
| 041 | _ageo | ||
| 080 | _a338.48(479.223)+908 ზ-78 | ||
| 100 |
_aზოიძე, თემურ _917261 |
||
| 245 |
_aუცხოელები ბათუმის შესახებ და საინტერესო ტურისტული მარშრუტები / _cთემურ ზოიძე, ოთარ გოგოლიშვილი, თეონა ზოიძე; რედაქტორი გუნა სამნიძე; ინგლის. თარგმნა თეონა ზოიძემ. |
||
| 264 |
_aბათუმი : _bს.ს. ''გამომცემლობა აჭარა'', _c2021. |
||
| 300 |
_a223 გვ.: _bსურ.; _c21 სმ. |
||
| 500 | _a121 გვერდიდან არის ინგლ. ენ. ტექსტი პარალ. სათაური ინგლ. ენაზე. | ||
| 501 | _aწინასიტყვაობა ინგლ. ენაზე გვ. 121-221. | ||
| 504 | _aბიბლიოგრ. გვ. 119-120. | ||
| 653 | _aბათუმი | ||
| 653 | _aტურიზმი | ||
| 653 | _aტურისტული მარშრუტები ბათუმში | ||
| 653 | _aინგლისელები ბათუმის შესახებ | ||
| 700 |
_aგოგოლიშვილი, ოთარ _eავტორი _917262 |
||
| 700 |
_aზოიძე, თეონა _eავტორი _917263 |
||
| 700 |
_aსამნიძე, გუნა _eრედაქტორი _917264 |
||
| 700 |
_aზოიძე, თეონა _eმთარგმნელი _917263 |
||
| 942 |
_2udc _cBK |
||